[Event "Rhein Main op-B 14th"]
[Site "Bad Homburg"]
[Date "2011.06.25"]
[Round "5"]
[White "Jordake, Michael"]
[Black "Von Szombathely, Michael"]
[Result "1-0"]
[WhiteElo "1776"]
[BlackElo "1611"]
[PlyCount "85"]
[EventDate "2011.06.22"]
[EventType "swiss"]
[EventRounds "7"]
[EventCountry "GER"]
[SourceTitle "EXT 2012"]
[Source "ChessBase"]
[SourceDate "2011.11.24"]
[SourceVersion "1"]
[SourceVersionDate "2011.11.24"]
[SourceQuality "1"]

1. e4 Nf6 2. Nc3 e5 3. Nf3 Nc6 4. d3 Bc5 5. Bg5 h6 6. Bxf6 Qxf6 7. Nd5 Qd8 8. c3 a6 9. d4 exd4 10. cxd4 Ba7 11. Rc1 0-0 12. Bc4 Re8 13. Qd3 d6 14. 0-0 Be6 15. Ne3 Bxc4 16. Rxc4 Rc8 17. Re1 Ne7 18. Rc2 d5 19. e5 Qd7 20. Rec1 Nc6 21. a3 Nd8 22. Qb3 c6 23. Nxd5 Ne6 24. Nb6 Bxb6 25. Qxb6 Nf4 26. Qb3 Re6 27. Qe3 Nd5 28. Qd2 g5 29. g3 Rf8 30. h4 g4 31. Ne1 f5 32. Nd3 Qg7 33. Nf4 Re7 34. Nxd5 cxd5 35. Qf4 Re6 36. Rc7 Rf7 37. Rc8+ Kh7 38. R1c5 Qg6 39. Rxd5 Rc6 40. Rcd8 Kg7 41. R5d6 Rxd6 42. Rxd6 Qh7 43. h5 1-0